| 000 | 01759cam a22001934a 4500 | ||
|---|---|---|---|
| 005 | 20250605163632.0 | ||
| 008 | 250528s ||||||||||||||||||||||||d | ||
| 035 | _a23189 | ||
| 020 | _a9789608940789 | ||
| 040 |
_aGR-AtMCL _bgre _dGR-AtMCL _eAACR2 |
||
| 245 | 1 | _aLogistics: Μάνατζμεντ και Στρατηγική | |
| 250 | _a1η | ||
| 260 |
_bRosili, _c2013 |
||
| 300 | _a546 | ||
| 520 | _aΜία συνοπτική, εφαρμοσμένη και σύγχρονη εισαγωγή στην έννοια των Logistics και στο μάνατζμεντ της αλυσίδας εφοδιασμού, ιδανική για τους σύγχρονους μάνατζερς και τους φοιτητές. Ανταγωνιστικό Πλεονέκτημα μέσω των Logistics, Logistics και Αλυσίδα Εφοδιασμού, Τον Πρώτο Λόγο έχει ο Τελικός Πελάτης, Η Αξία και το Κόστος των Logistics, Ενδυνάμωση των Δραστηριοτήτων των Logistics, Το Μάντζμεντ των Logistics σε Διεθνές Επίπεδο, Διαχείριση του Χρόνου Ανοχής, Σχεδιασμός και Έλεγχος της Αλυσίδας Εφοδιασμού, Παράδοση την Στιγμή που Χρειάζεται (Just - in - Time) και Ευέλικτη Αλυσίδα Εφοδιασμού, Συνεργασία, Ολοκλήρωση της Αλυσίδας Εφοδιασμού, Προμήθειες και Διοίκηση Εφοδιασμού, Αλλάζοντας το Μέλλον, Μελλοντικές Προκλήσεις και Ευκαιρίες στα Logistics. | ||
| 942 | _cBK | ||
| 999 |
_c8219 _d8219 |
||